000 00917nac a22002897a 4500
001 BR8105661
003 BR-BrBNA
005 20240105115052.0
008 230509b bl.|||m| |||| 00| 0 por d
040 _aBR-BrBNA
_bpor
_cBiblioteca Nacional de Agricultura
072 _aE50; C00; E10
090 _aE50 BR8105661
110 1 _aCentro de Estudos Rurais e Urbanos, Sao Paulo, SP (Brasil)
_91510
245 1 _aCadernos [Centro de Estudos Rurais e Urbanos, Sao Paulo, Brasil]
260 3 _aSao Paulo, SP (Brasil):
_c1981.
300 _a305 p.
490 _aCadernos - Centro de Estudos Rurais e Urbanos (Brazil)
_vno. 15
_x
650 _aCOMUNIDADE RURAL
650 _aMAO-DE-OBRA
650 _aTRABALHADOR RURAL
650 _aPROPRIEDADE RURAL
650 _aRENDA FAMILIAR
650 _aNIVEL DE VIDA
650 _aEDUCACAO
909 _a202312
_bLúcia Elande
_c55
_dLúcia Elande
942 _2AGRIS
_n0
_cMS
999 _c272871
_d272871